Rock Band Songs AI Art - Statistics

General Stats
  • This quiz has been taken 17 times
  • The average score is 3 of 24
Answer Stats
Picture Answer % Correct
Red Hot Chili Peppers - Can't Stop
60%
The Cranberries - Zombie
47%
AC/DC - T.N.T.
40%
Green Day - 21 Guns
33%
Green Day - Holiday
13%
Linkin Park - Castle of Glass
13%
Metallica - Master of Puppets
13%
3 Doors Down - Soldier/Citizen
7%
Aerosmith - Dream On
7%
Billy Talent - Red Flag
7%
Bon Jovi - Living on a Prayer
7%
Evanescence - Going Under
7%
Fall Out Boy - Centuries
7%
Foo Fighters - Everlong
7%
Kings of Leon - Sex on Fire
7%
Linkin Park - Bleed It Out
7%
My Chemical Romance - Teenagers
7%
Nirvana - Smells Like Teen Spirit
7%
Papa Roach - Help
7%
Seven Nation Army - The White Stripes
7%
STARSET - My Demons
7%
System of a Dawn - Chop Suey!
7%
Theory of a Deadman - Angel
7%
Thirty Seconds to Mars - Attack
7%
No matching quizzes found
Score Distribution
Percent of People with Each Score
Percentile by Number Answered
Your Score History
You have not taken this quiz